Can God be free? (Record no. 22785)

MARC details
000 -LEADER
fixed length control field 00587cam a2200193 a 4500
020 ## - INTERNATIONAL STANDARD BOOK NUMBER
ISBN 0198250452
082 00 - DEWEY DECIMAL CLASSIFICATION NUMBER
Classification number 212.7
Author Cutter ROW
100 1# - MAIN ENTRY--AUTHOR NAME
Author name Rowe, William L.,
245 10 - TITLE STATEMENT
Title Can God be free?
260 ## - PUBLICATION, DISTRIBUTION, ETC. (IMPRINT)
Place of publication Oxford :
Name of publisher Clarendon Press ;
Place of publication Oxford ;
-- New York :
Name of publisher Oxford University Press,
Year of publication 2004.
300 ## - PHYSICAL DESCRIPTION
Number of Pages vii, 173 p. ;
650 #0 - SUBJECT ADDED ENTRY--TOPICAL TERM
Topical Term God (Christianity)
650 #0 - SUBJECT ADDED ENTRY--TOPICAL TERM
Topical Term God (Christianity)
650 #0 - SUBJECT ADDED ENTRY--TOPICAL TERM
Topical Term Liberty
856 41 - ELECTRONIC LOCATION AND ACCESS
Uniform Resource Identifier http://www.loc.gov/catdir/toc/fy046/2004300658.html
856 42 - ELECTRONIC LOCATION AND ACCESS
Uniform Resource Identifier http://www.loc.gov/catdir/enhancements/fy0620/2004300658-d.html
942 ## - ADDED ENTRY ELEMENTS (KOHA)
Koha item type Books
Holdings
Home library Current library Shelving location Date acquired Full call number Accession Number Koha item type
Henry Martyn Institute Library Henry Martyn Institute Library General stacks 10/24/2019 212.7 ROW 25672 Books
                   Copyright © 2026 | Henry Martyn Institute | Hyderabad | TS-500052 | INDIA | Implemented by hmi.edu.in
Hit-Count:

Powered by Koha